000 01921nam a2200253Ii 4500
008 221202s xx 000 0 und d
100 1 _aVullnetari, Julie,
_eauthor
245 0 _aAlbania on the Move
246 _aLinks between Internal and International Migration
264 _bAmsterdam University Press
_c2012
300 _a1 online resource (282 pages)
336 _atext
_btxt
_2rdacontent
337 _acomputer
_bc
_2rdamedia
338 _aonline resource
_bcr
_2rdacarrier
490 _aIMISCOE Research
520 _aThis remarkable work is an academic and personal journey into Albania’s post-communist society, examining the links between internal and international migration in one of Europe’s poorest countries. Starting from a cluster of villages in south-east Albania, the author follows rural migrants to their native urban destinations within the country, such as Korçë and Tirana, as well as abroad to Thessaloniki, Greece. Migrants’ lives, experiences and feelings are captured through 150 in-depth interviews, a number of group discussions and ethnographic observations. This rich empirical material is analysed with reference to an extensive body of literature in Albania and worldwide. The author’s own experience as a migrant and reflections as a researcher studying her own origin communities add valuable insights. The theoretical notion of intra- and transnational social fields demonstrates how complex the links between internal and international migration are, especially from a development perspective, highlighting their effect on the lives of migrants, their families, communities of origin and country.
653 _aAlbania
653 _aAlbanians
653 _aGreece
653 _aSociologie
653 _aSociology
856 _uhttps://library.oapen.org/bitstream/20.500.12657/34526/1/419372.pdfhttp://library.oapen.org/handle/20.500.12657/34526
942 _cE-BOOK
999 _c60559
_d60559